000
00335cam a2200145ua 4500
001
5851
008
190424n II |||gr||||Z||||||asm
040
_a
MAIN
041
_a
English
082
_a
796 BOR
100
_a
BORA , RAMESH CHANDRA.
245
_a
OLYMPIC KHELOR KATHA
653
_a
Athletic & outdoor sports & games
942
_c
BK
999
_c
5836
_d
5836